| 000 | 01249nam a2200253Ia 4500 | ||
|---|---|---|---|
| 005 | 20260703211444.0 | ||
| 008 | 211116s2012 mx abodgr 000 0 mx d | ||
| 020 | _a978-607-8229-40-6 | ||
| 040 |
_aBPGM _bspa |
||
| 041 |
_aspa _hspa |
||
| 082 | _a909.82 / L46 | ||
| 100 | _aLEÓN MANRÍQUEZ, JOSÉ LUIS | ||
| 110 | _aSECRETARÍA DE EDUCACIÓN PÚBLICA | ||
| 245 | 0 | _aTRANSFORMACIONES EN EL MUNDO CONTEMPORÁNEO | |
| 260 |
_aMÉXICO ; _bSEP , _c2012. |
||
| 300 |
_a441 páginas _c24 X 19.7 cm. |
||
| 336 |
_2rdacontent _atexto _btxt |
||
| 337 |
_2rdamedia _asin mediación _bn |
||
| 338 |
_2rdacarrier _avolumen _bnc |
||
| 505 | _aEl propósito del módulo Transformaciones en el mundo contemporáneo es que analices el mundo actual a partir de algunas de las ideas y procesos sociales que lo han construido después de la Segunda Guerra Mundial: corrientes de pensamiento, desarrollo tecno-científico, migraciones, creaciones culturales, procesos económicos y sus crisis, guerras, revoluciones y organización política, con la finalidad de contar con elementos que propicien una participación activa y consciente en tu propio entorno social. | ||
| 650 | _aGEOGRAFÍA E HISTORIA | ||
| 650 | _aHISTORIA UNIVERSAL | ||
| 942 |
_cGENERAL _2ddc |
||
| 999 |
_c68753 _d68753 |
||